Distribucion comercial/ (Registro nro. 9206)

Detalles MARC
000 -LEADER
fixed length control field 01410nam a2200205Ia 4500
005 - FECHA Y HORA DE LA ÚLTIMA TRANSACCIÓN
control field 20230908084739.0
008 - FIXED-LENGTH DATA ELEMENTS--GENERAL INFORMATION
fixed length control field 230906s9999 xx 000 0 und d
020 ## - INTERNATIONAL STANDARD BOOK NUMBER
International Standard Book Number 8448140745
040 ## - CATALOGING SOURCE
Original cataloging agency UPAN
Transcribing agency Biblioteca San Vicente
Description conventions RCAA2
041 ## - LANGUAGE CODE
Language code of text/sound track or separate title spa
082 ## - DEWEY DECIMAL CLASSIFICATION NUMBER
Classification number 658.84
Item number D579d
año de publicación 2004
100 ## - MAIN ENTRY--PERSONAL NAME
Personal name Díez de Castro, Enrique
Relator code aut.
245 #0 - TITLE STATEMENT
Title Distribucion comercial/
Remainder of title Enrique Diez de Castro
250 ## - EDITION STATEMENT
Edition statement 3° ed.
260 ## - PUBLICATION, DISTRIBUTION, ETC. (IMPRINT)
Place of publication, distribution, etc México:
Name of publisher, distributor, etc McGraw Hill,
Date of publication, distribution, etc 2004
300 ## - PHYSICAL DESCRIPTION
Extent 540 p.;
Dimensions 24 cm.
505 ## - FORMATTED CONTENTS NOTE
Formatted contents note Parte 1. Introducción a la distribución comercial<br/>1. Naturaleza de la distribución <br/>Parte 2. Planificación y gestión de la distribución<br/>2. Objetivos de la empresa distribuidora: rentabilidad<br/>3. Estrategias de distribución<br/>4. Marcas de distribuidor (MD)<br/>5. La elección del canal de distribución<br/>6. Otras decisiones especificas de distribución<br/>7. Relaciones internas en el canal de distribución<br/>8. Cooperación en el canal de distribución <br/>Parte 3. El sistema comercial<br/>9. El sistema comercial<br/>10. Asociacionismo espacial<br/>11. Comercio asociado<br/>12. El comercio asociado (II): la franquicia <br/>13. El comercio integrado<br/>14. Métodos de venta<br/>Parte 4. Globalización de la distribución<br/>15. Situación y tendencias en la evolución de la distribución comercial<br/>16. La internacionalización en el sector comercial
650 ## - SUBJECT ADDED ENTRY--TOPICAL TERM
Source of heading or term LEMB
Topical term or geographic name as entry element Comercio
General subdivision Distribución
942 ## - ADDED ENTRY ELEMENTS (KOHA)
Koha item type Libros
Source of classification or shelving scheme Dewey Decimal Classification
Existencias
Withdrawn status Lost status Source of classification or shelving scheme Damaged status Not for loan Collection code Home library Current library Date acquired Total Checkouts Full call number Barcode Date last seen Copy number Price effective from Koha item type
    Dewey Decimal Classification     Colección General Biblioteca UPAN San Vicente Biblioteca UPAN San Vicente 06/09/2023   658.84 D579d 12003272 06/09/2023 01 06/09/2023 Libros
    Dewey Decimal Classification     Colección General Biblioteca UPAN San Vicente Biblioteca UPAN San Vicente 06/09/2023   658.84 D579d 12003271 08/09/2023 02 06/09/2023 Libros
    Dewey Decimal Classification     Colección General Biblioteca UPAN San Vicente Biblioteca UPAN San Vicente 06/09/2023   658.84 D579d 12003270 08/09/2023 03 06/09/2023 Libros